000 00691nam a2200289Ia 4500
005 20260324145211.0
008 008 260324s9999 xx 000 0 eng d
020 _a9781315730790
037 _aEBOOK
040 _aCRL
040 _beng
040 _cCRL
041 _2eng
041 _aeng
084 _qCRL
100 _aDavid Buchan
_91222110
245 0 _aScottish Tradition (RLE Folklore)
245 2 _bA Collection of Scottish Folk Literature
260 _bTaylor and Francis
260 _c1984
365 _a
365 _b230
856 _uhttp://www.taylorfrancis.com/books/9781315730790
942 _cEBOOK
999 _c1829692
_d1829692